000 00833nam a22002777a 4500
003 CHAP
005 20220329133623.0
008 971013s1980 r 00010 d
010 _a8643
011 _a9615
035 _a8850
040 _cCHAP
090 _aFolleto 13974
110 _aInternational Rice Research Institute
_959779
245 _aDescriptors for rice Oryza sativa L.
260 _aManila, Philippines. :
_bIRRI,
_c1980
300 _a21 p.
590 _aBATCH-UPD
_b10
_c20130109
_lUCH01
_h2329
590 _aBATCH-UPD
_b10
_c20130110
_lUCH01
_h2155
590 _aCONVERSION
_b10
_c20130109
_lUCH01
_h1306
650 1 4 _aArroz
_xGermoplasma.
_97615
710 0 _aInternational Board for Plant Genetic Resources.
_959561
901 _aBK
942 _cFOLL
949 _aFolleto 13974
_bBC
_cFOLL
_d-19213
_eTS1
_i8850
_mD
_si
999 _c8643
_d8643